000 01124na a2200337 4500
001 20955
003 MIRAKIL
005 20181213154908.0
008 170130b tu 000 0
035 _a20955
040 _aMilas
_btur
_cTR-AnCHP
041 _atur
082 _aCHP 324.2182
_bO62a 2011
090 _aBROŞÜR 244
100 _aOran, Umut
_cCHP Milletvekili
245 _a6 yılda neler olmadı!
_bAB müzekerelerinin başlangıcından bugüne
_cUmut Oran
246 _aAB müzekerelerinin başlangıcından bugüne
260 _aAnkara
_bCHP
_c3 Ekim 2011
300 _aktl. broşür
_brnk. res.
_c21 sm.
440 _aCumhuriyet Halk Partisi yayınları
_pBroşürler
610 _aCHP
_xİktidar eleştirisi
_yAB politikaları
610 _aAKP
_xDış politika
_yAB politikaları
650 _aAB müzakereleri
_zTürkiye
650 _aAKP iktidarı
_xAB politikaları
650 _aAB uyum süreci
_zTürkiye
650 _aAvrupa Birliği
_xTürkiye ilişkileri
651 _aTürkiye
_xSiyaset ve yönetim
_y2002-
830 _aCHP broşürleri
942 _2ddc
_cBKS
999 _c2749
_d2749